| 000 | 00000nam 2200000za 4500 |
| 001 | 9.643820 |
| 003 | CaOODSP |
| 005 | 20240624082231 |
| 007 | cr ||||||||||| |
| 008 | 150407|1970||||xxc|||||o f|0| 0 fre d |
| 040 | |aCaOODSP|bfre |
| 043 | |an-cn--- |
| 086 | 1 |aZ1-1963/1-5/5F-PDF |
| 245 | 00|aRapport de la Commission royale d'enquête sur le bilinguisme et le biculturalisme. Livre V, Livre VI |h[ressource électronique] : |bla capitale fédérale ; les associations volontaires / |cJean-Louis Gagnon et A. Davidson Dunton, présidents conjoint. |
| 260 | |aOttawa : |bBureau du Conseil privé, |c1970. |
| 300 | |a121, 116 p. : |bcarte |
| 500 | |aPublication historique numérisée en 2008 par le Bureau du Conseil privé du Canada. |
| 590 | |a15-04-Supp|b2015-03-19 |
| 691 | 07|aBilinguisme|2gcpds |
| 691 | 07|aCommission d'enquête|2gcpds |
| 710 | 1 |aCanada. |bBureau du Conseil privé. |
| 775 | 08|tReport of the Royal Commission on Bilingualism and Biculturalism. Book V, Book VI : |w(CaOODSP)9.699866 |
| 856 | 40|ahttp://publications.gc.ca|qPDF|s5.90 Mo|uhttps://publications.gc.ca/collections/collection_2014/bcp-pco/Z1-1963-1-5-5-2-fra.pdf |
| 856 | 40|ahttp://publications.gc.ca|qPDF|s6.59 Mo|uhttps://publications.gc.ca/collections/collection_2014/bcp-pco/Z1-1963-1-5-5-1-fra.pdf |